Statistics for Common Italian Words

Click here to take the quiz!

General Stats

  • This quiz has been taken 434 times
  • The average score is 10 of 13

Answer Stats

WordAnswer% Correct
HelloCIao
97%
NoNo
93%
YesSi
92%
Thank youGrazie
91%
Good morningBuongiorno
78%
Good eveningBuona sera
74%
PleasePer Favore
74%
Good NightBuona notte
73%
You're WelcomePrego
72%
How are youCome sta
68%
GoodbyeArrivederci
67%
I understandCapisco
49%
SorryMi dispiace
36%

Score Distribution

Percentile by Number Answered

Percent of People with Each Score

Your Score History

You have not taken this quiz